[Event "EU-chT U18"]
[Site "Thessaloniki"]
[Date "2022.07.17"]
[Round "6.8"]
[White "Zlatkov, Anton"]
[Black "Podolskyi, Mykhailo"]
[Result "0-1"]
[WhiteElo "2149"]
[BlackElo "2025"]
[PlyCount "112"]
[EventDate "2022.07.12"]
[EventType "team-swiss"]
[EventRounds "7"]
[EventCountry "GRE"]
[SourceTitle "CBM 209 Extra"]
[Source "ChessBase"]
[SourceDate "2022.09.30"]
[SourceVersion "1"]
[SourceVersionDate "2022.09.30"]
[SourceQuality "1"]
[WhiteTeam "Macedonia U18"]
[BlackTeam "Ukraine U18"]
[WhiteTeamCountry "MKD"]
[BlackTeamCountry "UKR"]

1. e4 c5 2. Nf3 e6 3. d3 Nc6 4. g3 d6 5. Bg2 Nf6 6. 0-0 Be7 7. Re1 0-0 8. d4 d5 9. exd5 Nxd5 10. dxc5 Bxc5 11. Qe2 Nf6 12. Nc3 Qe7 13. Bg5 Bb4 14. Qe3 h6 15. Bf4 Bd7 16. Rad1 Rac8 17. a3 Bc5 18. Qe2 Rfd8 19. Ne4 Nxe4 20. Qxe4 Be8 21. b4 Bd6 22. Bc1 a5 23. b5 Nb8 24. a4 b6 25. Bf1 Nd7 26. Bd3 Nf6 27. Qh4 Bb4 28. Rf1 Rd5 29. g4 Nd7 30. Qxe7 Bxe7 31. c4 Rxd3 32. Rxd3 Nc5 33. Rd4 Nb3 34. Re4 Nc5 35. Rd4 Bf6 36. Rd6 Nxa4 37. g5 hxg5 38. Bxg5 Rxc4 39. Bxf6 gxf6 40. Rd8 Kf8 41. Rfd1 Ke7 42. R8d4 Bxb5 43. Rxc4 Bxc4 44. Nd4 f5 45. f4 Kf6 46. Rc1 Bd5 47. Rc7 Nc5 48. Kf2 a4 49. Nf3 Bxf3 50. Kxf3 Nb3 51. Ke3 a3 52. Rc2 b5 53. Rg2 b4 54. h4 Nc1 55. Rg1 a2 56. Rxc1 b3 0-1

[Event "EU-chT U18"]
[Site "Thessaloniki"]
[Date "2022.07.16"]
[Round "5.7"]
[White "Podolskyi, Mykhailo"]
[Black "Pilshofer, Paul"]
[Result "1-0"]
[WhiteElo "2025"]
[BlackElo "2223"]
[PlyCount "77"]
[EventDate "2022.07.12"]
[EventType "team-swiss"]
[EventRounds "7"]
[EventCountry "GRE"]
[SourceTitle "CBM 209 Extra"]
[Source "ChessBase"]
[SourceDate "2022.09.30"]
[SourceVersion "1"]
[SourceVersionDate "2022.09.30"]
[SourceQuality "1"]
[WhiteTeam "Ukraine U18"]
[BlackTeam "Austria U18"]
[WhiteTeamCountry "UKR"]
[BlackTeamCountry "AUT"]

1. e4 e5 2. Nf3 Nc6 3. Bc4 Bc5 4. c3 d6 5. d4 exd4 6. cxd4 Bb6 7. Bb5 Bd7 8. 0-0 Nge7 9. Nc3 0-0 10. h3 a6 11. Ba4 h6 12. Re1 Ng6 13. Be3 Na5 14. Bc2 f5 15. e5 dxe5 16. dxe5 Re8 17. Bxb6 cxb6 18. Qb1 Bc6 19. Bxf5 Bxf3 20. Bxg6 Qg5 21. Bh7+ Kh8 22. Qg6 Bh5 23. Qxg5 hxg5 24. Bf5 Nc6 25. g4 Bf7 26. e6 Bg8 27. Rad1 g6 28. Bxg6 Rxe6 29. Rxe6 Bxe6 30. Rd6 Bc4 31. b3 Bg8 32. Ne4 a5 33. Nxg5 a4 34. Bf7 axb3 35. axb3 Bxf7 36. Nxf7+ Kg8 37. Rd7 Ra3 38. g5 Rxb3 39. Nh6+ 1-0

[Event "Wch U14 blitz"]
[Site "Rhodes"]
[Date "2022.05.03"]
[Round "5"]
[White "Podolskyi, Mykhailo"]
[Black "Lavrencic, Matic"]
[Result "1-0"]
[WhiteElo "1978"]
[BlackElo "2037"]
[PlyCount "97"]
[EventDate "2022.05.03"]
[EventType "swiss (blitz)"]
[EventRounds "9"]
[EventCountry "GRE"]
[SourceTitle "CBM 208 Extra"]
[Source "ChessBase"]
[SourceDate "2022.07.31"]
[SourceVersion "1"]
[SourceVersionDate "2022.07.31"]
[SourceQuality "1"]

1. d4 Nf6 2. c4 e6 3. Nf3 d5 4. Nc3 c5 5. cxd5 Nxd5 6. e4 Nxc3 7. bxc3 cxd4 8. cxd4 Bb4+ 9. Bd2 Bxd2+ 10. Qxd2 0-0 11. Be2 b6 12. 0-0 Bb7 13. Qe3 Nd7 14. Rac1 Rc8 15. Nd2 Rxc1 16. Rxc1 Qb8 17. f3 Rc8 18. Nb3 Rxc1+ 19. Qxc1 Qc8 20. Qxc8+ Bxc8 21. Kf2 Kf8 22. Ke3 Ke7 23. h4 Nb8 24. d5 exd5 25. exd5 Kd6 26. Kd4 Bb7 27. Bc4 Nd7 28. Nd2 f5 29. g4 fxg4 30. fxg4 Nf6 31. g5 Nd7 32. Ne4+ Ke7 33. Bb5 a6 34. Bxd7 Kxd7 35. Ke5 a5 36. h5 Ke7 37. h6 gxh6 38. gxh6 Kf7 39. Nf6 b5 40. d6 Bc6 41. Nxh7 Kg6 42. Nf8+ Kxh6 43. d7 Bxd7 44. Nxd7 Kg6 45. Kd4 Kf7 46. Kc5 Ke6 47. Nb6 b4 48. Kb5 Kd6 49. Nc4+ 1-0

[Event "Wch U14 rapid"]
[Site "Rhodes"]
[Date "2022.05.02"]
[Round "6"]
[White "Gurel, Ediz"]
[Black "Podolskyi, Mykhailo"]
[Result "1-0"]
[WhiteElo "1779"]
[BlackElo "1948"]
[PlyCount "133"]
[EventDate "2022.05.01"]
[EventType "swiss (rapid)"]
[EventRounds "9"]
[EventCountry "GRE"]
[SourceTitle "CBM 208 Extra"]
[Source "ChessBase"]
[SourceDate "2022.07.31"]
[SourceVersion "1"]
[SourceVersionDate "2022.07.31"]
[SourceQuality "1"]

1. e4 c5 2. Nf3 e6 3. d4 cxd4 4. Nxd4 a6 5. c4 Nf6 6. Nc3 Qc7 7. Be2 b6 8. Be3 Bb7 9. f3 Be7 10. Qd2 d6 11. 0-0 Nbd7 12. Rac1 0-0 13. Rfd1 Rfd8 14. Qe1 Rac8 15. Qf2 Ba8 16. b3 Qb8 17. g4 Ne5 18. g5 Nfd7 19. f4 Nc6 20. Nc2 Nc5 21. b4 Nd7 22. a3 Bf8 23. h4 Qb7 24. h5 Re8 25. Kh2 Qb8 26. Ne1 e5 27. f5 Nd4 28. Bd3 b5 29. cxb5 axb5 30. Kg1 Nb6 31. Nxb5 d5 32. Rxc8 Rxc8 33. Nxd4 exd4 34. Bf4 Bd6 35. Bxd6 Qxd6 36. Qxd4 Qg3+ 37. Ng2 Na4 38. e5 Nc3 39. Rf1 Ne4 40. g6 hxg6 41. fxg6 fxg6 42. hxg6 Qxg6 43. Qe3 Re8 44. Qf4 Qe6 45. Bxe4 dxe4 46. Ne3 Qxe5 47. Qf7+ Kh7 48. Rf5 Qa1+ 49. Kg2 Qb2+ 50. Kg3 Re5 51. Qh5+ Kg8 52. Rxe5 Bc6 53. Rc5 Qd2 54. Qg5 Qe1+ 55. Kf4 Qf2+ 56. Ke5 Qh2+ 57. Qf4 Qh5+ 58. Kd6 Qg6+ 59. Kc7 Be8 60. Nd5 Qe6 61. Qd6 Qh3 62. Ne7+ Kh7 63. Rc2 Bh5 64. Rh2 Qg4 65. Qe5 Kh6 66. Nf5+ Kh7 67. Rxh5+ 1-0

[Event "Wch U14 rapid"]
[Site "Rhodes"]
[Date "2022.05.01"]
[Round "2"]
[White "Asylov, Miras"]
[Black "Podolskyi, Mykhailo"]
[Result "0-1"]
[WhiteElo "1706"]
[BlackElo "1948"]
[PlyCount "114"]
[EventDate "2022.05.01"]
[EventType "swiss (rapid)"]
[EventRounds "9"]
[EventCountry "GRE"]
[SourceTitle "CBM 208 Extra"]
[Source "ChessBase"]
[SourceDate "2022.07.31"]
[SourceVersion "1"]
[SourceVersionDate "2022.07.31"]
[SourceQuality "1"]

1. e4 c5 2. Nf3 e6 3. d4 cxd4 4. Nxd4 Nf6 5. Nc3 Nc6 6. Ndb5 Bc5 7. Nd6+ Ke7 8. Nxc8+ Rxc8 9. Bc4 Re8 10. 0-0 Kf8 11. Re1 d6 12. Be3 Bxe3 13. Rxe3 Kg8 14. Bb3 Ne5 15. Nb5 Qb6 16. Qe2 Neg4 17. Rg3 Nxf2 18. Qxf2 Qxf2+ 19. Kxf2 Nxe4+ 20. Kf3 Nxg3 21. Kxg3 Red8 22. Nxa7 Rc5 23. c4 d5 24. a4 dxc4 25. Bc2 g6 26. Nb5 Rd2 27. Rc1 Rg5+ 28. Kf3 Rgxg2 29. Be4 Rxh2 30. Bxb7 Rd3+ 31. Ke4 f6 32. Rxc4 Rb3 33. Rc8+ Kg7 34. Rc7+ Kh6 35. Nc3 Rhxb2 36. Bc8 e5 37. a5 Rc2 38. Kd3 Ra2 39. a6 Raa3 40. Kc2 Rb6 41. Nd5 Rd6 42. Kb2 Ra5 43. Nb4 Rb6 44. Kb3 Rab5 45. Rc4 Ra5 46. Kc3 f5 47. Nc6 Ra3+ 48. Kc2 e4 49. Ne5 Kg5 50. Nd7 Rbxa6 51. Bxa6 Rxa6 52. Ne5 Ra2+ 53. Kd1 Kf4 54. Rc5 e3 55. Ke1 Ke4 56. Rb5 f4 57. Ng4 Ra1+ 0-1

[Event "Wch U14 rapid"]
[Site "Rhodes"]
[Date "2022.05.01"]
[Round "4"]
[White "Hagner, Bennet"]
[Black "Podolskyi, Mykhailo"]
[Result "1-0"]
[WhiteElo "2186"]
[BlackElo "1948"]
[PlyCount "91"]
[EventDate "2022.05.01"]
[EventType "swiss (rapid)"]
[EventRounds "9"]
[EventCountry "GRE"]
[SourceTitle "CBM 208 Extra"]
[Source "ChessBase"]
[SourceDate "2022.07.31"]
[SourceVersion "1"]
[SourceVersionDate "2022.07.31"]
[SourceQuality "1"]

1. e4 c5 2. Nf3 e6 3. d4 cxd4 4. Nxd4 Nf6 5. Nc3 Nc6 6. Ndb5 Bc5 7. Bf4 0-0 8. Bc7 Qe7 9. Bd6 Bxd6 10. Qxd6 Qd8 11. 0-0-0 a6 12. Nd4 Ne8 13. Qg3 Nxd4 14. Rxd4 b5 15. Be2 d6 16. Rhd1 Qa5 17. a3 e5 18. R4d3 Be6 19. f4 exf4 20. Qxf4 b4 21. Nd5 Bxd5 22. Rxd5 Qb6 23. axb4 Qxb4 24. R5d4 Qa5 25. Kb1 Rb8 26. Bc4 Qb6 27. Bb3 a5 28. h4 Qb5 29. g4 Nf6 30. g5 Nd7 31. Qxd6 Nc5 32. Rd5 Rfc8 33. Rf5 a4 34. Bxf7+ Kh8 35. Qd4 a3 36. b3 a2+ 37. Ka1 Qa6 38. Rxc5 Rf8 39. Bc4 Qa3 40. Rc7 Rg8 41. Bxg8 Rxg8 42. h5 Qa5 43. Rd7 Qxg5 44. Rd8 Qxh5 45. Rxg8+ Kxg8 46. Qd5+ 1-0

[Event "Wch U14 rapid"]
[Site "Rhodes"]
[Date "2022.05.01"]
[Round "5"]
[White "Podolskyi, Mykhailo"]
[Black "Antoniou, Rafail"]
[Result "1-0"]
[WhiteElo "1948"]
[BlackElo "1754"]
[PlyCount "128"]
[EventDate "2022.05.01"]
[EventType "swiss (rapid)"]
[EventRounds "9"]
[EventCountry "GRE"]
[SourceTitle "CBM 208 Extra"]
[Source "ChessBase"]
[SourceDate "2022.07.31"]
[SourceVersion "1"]
[SourceVersionDate "2022.07.31"]
[SourceQuality "1"]

1. d4 d5 2. c4 e6 3. Nc3 Be7 4. Nf3 Nf6 5. cxd5 exd5 6. Bg5 Bf5 7. Qb3 Nbd7 8. e3 c6 9. Qxb7 Rb8 10. Qxc6 Rxb2 11. Bxf6 Bxf6 12. Be2 Rc2 13. 0-0 Qa5 14. Rfc1 Rxc1+ 15. Rxc1 Be6 16. Qc8+ Bd8 17. Bb5 0-0 18. Bxd7 Bc7 19. Qb7 Bxd7 20. Nxd5 Bd6 21. Qxd7 Qxd5 22. Qxa7 Ra8 23. Qb6 g6 24. Qc6 Qxc6 25. Rxc6 Rxa2 26. g3 Be7 27. Rc7 Bd6 28. Rd7 Ra6 29. Kg2 h6 30. Nd2 Kg7 31. Nc4 Bb8 32. Rb7 Bd6 33. Nxd6 Rxd6 34. Rb1 Kf6 35. Rd1 Rb6 36. h4 Ke6 37. Rd2 f5 38. Kf3 Kd5 39. Kf4 Re6 40. Ra2 Re4+ 41. Kf3 g5 42. hxg5 hxg5 43. Ra5+ Ke6 44. Ke2 Kf6 45. Ra6+ Kf7 46. Kd3 Rg4 47. Rc6 f4 48. gxf4 gxf4 49. e4 Rg1 50. Ke2 Ra1 51. Kf3 Ra2 52. Kxf4 Rxf2+ 53. Ke5 Rh2 54. Rc7+ Ke8 55. Kd5 Ra2 56. e5 Ra5+ 57. Ke6 Ra6+ 58. Kf5 Rh6 59. e6 Rh4 60. d5 Rh5+ 61. Kf6 Kd8 62. Rd7+ Ke8 63. Ra7 Rh6+ 64. Ke5 Rh1 1-0

[Event "Kiev-Lvov Region Blitz"]
[Site "Kiev"]
[Date "2021.09.15"]
[Round "3"]
[White "Podolskyi, Mykhailo"]
[Black "Ivanov, Taras"]
[Result "1/2-1/2"]
[WhiteElo "2047"]
[BlackElo "1543"]
[PlyCount "73"]
[EventDate "2021.09.15"]
[EventType "team-match (blitz)"]
[EventRounds "8"]
[EventCountry "UKR"]
[SourceTitle "CBM 204 Extra"]
[Source "ChessBase"]
[SourceDate "2021.11.30"]
[SourceVersion "1"]
[SourceVersionDate "2021.11.30"]
[SourceQuality "1"]
[WhiteTeam "Kiev Region"]
[BlackTeam "Lvov Region"]
[WhiteTeamCountry "UKR"]
[BlackTeamCountry "UKR"]

1. d4 d5 2. c4 c6 3. Nc3 Nf6 4. Nf3 a6 5. c5 Bf5 6. h3 Nbd7 7. Bf4 e6 8. e3 Be7 9. Be2 0-0 10. 0-0 Ne4 11. Nxe4 Bxe4 12. b4 Re8 13. a4 Bf6 14. Qd2 Bxf3 15. Bxf3 e5 16. Bg3 exd4 17. exd4 g6 18. Bd6 Bg7 19. b5 axb5 20. axb5 Qf6 21. Bg4 Nf8 22. Be5 Qe7 23. Rae1 Bxe5 24. Rxe5 Qf6 25. bxc6 bxc6 26. f4 h5 27. Be2 Nd7 28. Bd3 Nxe5 29. fxe5 Qg7 30. Rf6 Re6 31. Qg5 Rxf6 32. exf6 Qf8 33. Bxg6 fxg6 34. Qxg6+ Kh8 35. Qxh5+ Kg8 36. Qg6+ Kh8 37. Qh5+ 1/2-1/2

[Event "Kiev-Lvov Region Rapid"]
[Site "Kiev"]
[Date "2021.09.14"]
[Round "1"]
[White "Ivanov, Taras"]
[Black "Podolskyi, Mykhailo"]
[Result "1/2-1/2"]
[WhiteElo "1543"]
[BlackElo "2047"]
[PlyCount "46"]
[EventDate "2021.09.14"]
[EventType "team-match (rapid)"]
[EventRounds "4"]
[EventCountry "UKR"]
[SourceTitle "CBM 204 Extra"]
[Source "ChessBase"]
[SourceDate "2021.11.30"]
[SourceVersion "1"]
[SourceVersionDate "2021.11.30"]
[SourceQuality "1"]
[WhiteTeam "Lvov Region"]
[BlackTeam "Kiev Region"]
[WhiteTeamCountry "UKR"]
[BlackTeamCountry "UKR"]

1. d4 d5 2. Nf3 Nf6 3. c4 c6 4. g3 dxc4 5. Bg2 b5 6. a4 Bb7 7. 0-0 e6 8. b3 cxb3 9. Qxb3 a6 10. Rd1 Nbd7 11. Bf4 Nd5 12. Nc3 Nxc3 13. Qxc3 Be7 14. Ne5 Nxe5 15. Bxe5 f6 16. Bxc6+ Bxc6 17. Qxc6+ Kf7 18. Bf4 Qd5 19. axb5 axb5 20. Qxd5 exd5 21. Rxa8 Rxa8 22. Rb1 Ra4 23. Rxb5 Rxd4 1/2-1/2

[Event "Kiev Spring op"]
[Site "Kiev"]
[Date "2021.07.12"]
[Round "3"]
[White "Podolskyi, Mykhailo"]
[Black "Havryliuk, Yehor"]
[Result "1-0"]
[WhiteElo "2007"]
[BlackElo "1568"]
[PlyCount "109"]
[EventDate "2021.07.10"]
[EventType "swiss"]
[EventRounds "9"]
[EventCountry "UKR"]
[SourceTitle "EXT 2024"]
[Source "ChessBase"]
[SourceDate "2023.10.10"]
[SourceVersion "1"]
[SourceVersionDate "2023.10.10"]
[SourceQuality "1"]

1. d4 d5 2. c4 e6 3. Nc3 Nf6 4. Nf3 Be7 5. Bg5 h6 6. Bh4 Nbd7 7. cxd5 exd5 8. e3 c6 9. Bd3 0-0 10. Qc2 b6 11. 0-0 Re8 12. Rac1 Bb7 13. Qe2 Ne4 14. Bxe7 Nxc3 15. Rxc3 Qxe7 16. Ba6 Bxa6 17. Qxa6 Qd6 18. Rfc1 Rec8 19. h3 Rc7 20. Ne1 Rac8 21. Nd3 f6 22. Nf4 Nf8 23. Qa3 Qd7 24. b4 Ne6 25. Nxe6 Qxe6 26. b5 c5 27. dxc5 bxc5 28. Rxc5 Qd6 29. Rxc7 Qxa3 30. Rxc8+ Kh7 31. R1c2 Qb4 32. R8c5 d4 33. exd4 Qxd4 34. Rc1 Qa4 35. R1c2 Qd4 36. R5c3 Qd5 37. a4 Qe4 38. Rc4 Qe1+ 39. Kh2 Qe5+ 40. g3 Qe1 41. Ra2 Qb1 42. Rcc2 Qb4 43. Rcb2 Qa5 44. Rb3 Kg6 45. Rf3 Kh7 46. Rf4 Kg6 47. Re2 Qc7 48. Re6 Kf7 49. Rc6 Qe7 50. a5 Qe5 51. b6 Qxa5 52. Rc7+ Ke6 53. bxa7 g5 54. Re4+ Kd6 55. Re8 1-0

[Event "Nizami Ganjavi 880 years U17"]
[Site "Tornelo INT"]
[Date "2021.04.02"]
[Round "3.2"]
[White "Podolskyi, Mykhailo"]
[Black "Durak, Can"]
[Result "0-1"]
[WhiteElo "1887"]
[BlackElo "2244"]
[PlyCount "88"]
[EventDate "2021.04.02"]
[EventType "team-swiss (blitz)"]
[EventRounds "9"]
[EventCountry "AZE"]
[SourceTitle "EXT 2023"]
[Source "ChessBase"]
[SourceDate "2022.10.05"]
[SourceVersion "1"]
[SourceVersionDate "2022.10.05"]
[SourceQuality "1"]
[WhiteTeam "Ukraine"]
[BlackTeam "Turkey"]
[WhiteTeamCountry "UKR"]
[BlackTeamCountry "TUR"]

1. d4 d5 2. c4 e6 3. Nc3 Nf6 4. Nf3 Be7 5. cxd5 exd5 6. Qc2 c6 7. Bg5 g6 8. e3 Bf5 9. Bd3 Bxd3 10. Qxd3 Nbd7 11. 0-0 0-0 12. Rab1 a5 13. Rfc1 Re8 14. Qc2 Kg7 15. a3 Rc8 16. Qb3 Qb6 17. Qxb6 Nxb6 18. Ne5 h6 19. Bh4 g5 20. Bg3 Nh5 21. b4 axb4 22. axb4 Nxg3 23. hxg3 f6 24. Nd3 Nc4 25. b5 Rb8 26. Na4 Na3 27. bxc6 Nxb1 28. c7 Rbc8 29. Rxb1 Rxc7 30. Nac5 Bxc5 31. Nxc5 Ree7 32. Rb6 Kf7 33. g4 Kg6 34. Kh2 Rf7 35. Rd6 Rc6 36. Rxd5 b5 37. Nd3 Rb7 38. e4 b4 39. e5 b3 40. Rd6 b2 41. Nxb2 Rxd6 42. exd6 Rxb2 43. d7 Rb8 44. Kg3 Rd8 0-1

[Event "Elitzur Int Online"]
[Site "Chess.com INT"]
[Date "2020.11.01"]
[Round "11"]
[White "Podolskyi, Mykhailo"]
[Black "Aizenberg, Benny"]
[Result "1-0"]
[WhiteElo "1876"]
[BlackElo "2279"]
[PlyCount "97"]
[EventDate "2020.11.01"]
[EventType "swiss (blitz)"]
[EventRounds "11"]
[EventCountry "ISR"]
[SourceTitle "CBM 199 Extra"]
[Source "ChessBase"]
[SourceDate "2021.01.31"]
[SourceVersion "1"]
[SourceVersionDate "2021.01.31"]
[SourceQuality "1"]

1. d4 Nf6 2. c4 g6 3. Nc3 d5 4. Bg5 Bg7 5. Bxf6 Bxf6 6. Nxd5 Bg7 7. Nf3 c5 8. e3 Nc6 9. Be2 e6 10. Nc3 cxd4 11. exd4 Nxd4 12. 0-0 0-0 13. Nxd4 Qxd4 14. Qxd4 Bxd4 15. Rac1 b6 16. Bf3 Rb8 17. Rfd1 Bg7 18. b3 a6 19. Na4 b5 20. cxb5 axb5 21. Nc5 b4 22. Rc4 Bc3 23. g3 Bf6 24. Kg2 Be7 25. Nd7 Bxd7 26. Rxd7 Bf6 27. Ra7 Bb2 28. Rcc7 Rbd8 29. Rab7 Bc3 30. a4 Rd2 31. Rd7 Rb2 32. a5 Rxb3 33. a6 Ra3 34. a7 b3 35. Rb8 b2 36. Be4 Bg7 37. Re7 Ra4 38. Reb7 Rxb8 39. axb8Q+ Bf8 40. Bf3 Ra2 41. Rxb2 Ra3 42. Rb3 Ra2 43. Qd8 Kg7 44. Rb8 Bc5 45. Qh8+ Kh6 46. Qf6 Rxf2+ 47. Kh3 Bd6 48. Rg8 e5 49. Qh4# 1-0

[Event "Elitzur Int Online"]
[Site "Chess.com INT"]
[Date "2020.11.01"]
[Round "8"]
[White "Podolskyi, Mykhailo"]
[Black "Petrova, Irina"]
[Result "1-0"]
[WhiteElo "1876"]
[BlackElo "2077"]
[PlyCount "117"]
[EventDate "2020.11.01"]
[EventType "swiss (blitz)"]
[EventRounds "11"]
[EventCountry "ISR"]
[SourceTitle "CBM 199 Extra"]
[Source "ChessBase"]
[SourceDate "2021.01.31"]
[SourceVersion "1"]
[SourceVersionDate "2021.01.31"]
[SourceQuality "1"]

1. d4 d6 2. c4 e5 3. dxe5 dxe5 4. Qxd8+ Kxd8 5. Nc3 c6 6. Nf3 f6 7. Be3 Be6 8. 0-0-0+ Kc7 9. b3 Nd7 10. Kb2 Ne7 11. g3 Nc8 12. Bg2 Ncb6 13. Nd2 Be7 14. Rhe1 a5 15. a3 a4 16. b4 Nxc4+ 17. Nxc4 Bxc4 18. Bh3 Rhd8 19. Rd2 Nb6 20. Red1 Bb3 21. Bxb6+ Kxb6 22. Rxd8 Rxd8 23. Rxd8 Bxd8 24. Bf5 g6 25. Bc2 Bxc2 26. Kxc2 Be7 27. Nxa4+ Kb5 28. Kb3 f5 29. Nc3+ Kb6 30. e4 Kc7 31. Kc4 b5+ 32. Kd3 Kd6 33. f3 Bd8 34. Nd1 Bb6 35. Ne3 fxe4+ 36. fxe4 c5 37. Nd5 Ba7 38. bxc5+ Bxc5 39. Nc3 Kc6 40. a4 b4 41. Nd5 g5 42. g4 Bg1 43. Nxb4+ Kc5 44. Na6+ Kb6 45. Nb4 Bxh2 46. Nd5+ Ka5 47. Ne7 Kxa4 48. Kc4 Ka3 49. Kd5 Kb4 50. Nc6+ Kc3 51. Nxe5 Bf4 52. Nf3 Kd3 53. e5 Bc1 54. e6 Ba3 55. Nxg5 Ke3 56. Nxh7 Kf4 57. Nf6 Kg5 58. Ne4+ Kxg4 59. Nd6 1-0

[Event "Elitzur Int Online"]
[Site "Chess.com INT"]
[Date "2020.11.01"]
[Round "10"]
[White "Podolskyi, Mykhailo"]
[Black "Samunenkov, Igor"]
[Result "0-1"]
[WhiteElo "1876"]
[BlackElo "2142"]
[PlyCount "114"]
[EventDate "2020.11.01"]
[EventType "swiss (blitz)"]
[EventRounds "11"]
[EventCountry "ISR"]
[SourceTitle "CBM 199 Extra"]
[Source "ChessBase"]
[SourceDate "2021.01.31"]
[SourceVersion "1"]
[SourceVersionDate "2021.01.31"]
[SourceQuality "1"]

1. d4 c5 2. c3 d5 3. Nf3 Nf6 4. Bf4 Nc6 5. e3 e6 6. Nbd2 Bd6 7. Bg3 0-0 8. Bb5 Ne7 9. Bd3 Qc7 10. e4 dxe4 11. Nxe4 Nxe4 12. Bxe4 f5 13. Bc2 f4 14. Bh4 Nf5 15. g4 Nxh4 16. Nxh4 Qe7 17. Nf3 e5 18. dxe5 Bxg4 19. Qxd6 Qxd6 20. exd6 Bxf3 21. 0-0 Rad8 22. Bd1 Bd5 23. Bb3 c4 24. Rad1 Be6 25. Bc2 Bg4 26. Rd4 Rf6 27. Rxc4 Be2 28. Bb3 Bxc4 29. Bxc4+ Kf8 30. Re1 Rfxd6 31. Re4 f3 32. Rf4+ Rf6 33. Rxf6+ gxf6 34. h4 Rd2 35. Kh2 Rxf2+ 36. Kg3 Rxb2 37. Kxf3 Rc2 38. Kf4 Rxc3 39. Bb3 Kg7 40. Kf5 Rc5+ 41. Ke6 Rh5 42. Kd7 Rxh4 43. Kc7 b5 44. Kb7 a5 45. Kb6 a4 46. Bd5 b4 47. Ka5 b3 48. axb3 axb3 49. Bxb3 Rd4 50. Bc2 h5 51. Kb5 h4 52. Kc5 Rd8 53. Be4 h3 54. Kc4 h2 55. Kc3 Rd1 56. Kc2 h1Q 57. Bxh1 Rxh1 0-1